ბათუმის შოთა რუსთაველის სახელმწიფო უნივერსიტეტის ბიბლიოთეკა

შენ ხარ ვენახი (ბიბ.ჩანაწერი № 51034)

000 -LEADER
fixed length control field 01141nam a2200241Ia 4500
001 - CONTROL NUMBER
control field 17991
003 - CONTROL NUMBER IDENTIFIER
control field GE_BSU
008 - FIXED-LENGTH DATA ELEMENTS--GENERAL INFORMATION
fixed length control field 181216s||||||||xx |||||||||||||| ||und||
040 ## - CATALOGING SOURCE
Transcribing agency GE_BSU
080 ## - UNIVERSAL DECIMAL CLASSIFICATION NUMBER
Universal Decimal Classification number 392(=353.1) + 634.8(479.22)(09) + 663.2(479.22)(09)
100 ## - MAIN ENTRY--PERSONAL NAME
Personal name ლეკიაშვილი, ანდრო
245 ## - TITLE STATEMENT
Title შენ ხარ ვენახი
245 ## - TITLE STATEMENT
Remainder of title ეთნოგრაფიული ნარკვევები ქართულ ვაზზე
245 ## - TITLE STATEMENT
Statement of responsibility, etc. რედ. ვ. ძიძიგური. მხატვ. ვ. ორბელაძე
260 ## - PUBLICATION, DISTRIBUTION, ETC.
Place of publication, distribution, etc. თბილისი
260 ## - PUBLICATION, DISTRIBUTION, ETC.
Name of publisher, distributor, etc. ნაკადული
260 ## - PUBLICATION, DISTRIBUTION, ETC.
Date of publication, distribution, etc. 1972
300 ## - PHYSICAL DESCRIPTION
Extent 128გვ. : ილ. ; 22სმ.
653 ## - INDEX TERM--UNCONTROLLED
Uncontrolled term ეთნოგრაფიული ნარკვევები ქართულ ვაზზე
653 ## - INDEX TERM--UNCONTROLLED
Uncontrolled term ქართული წეს-ჩვეულებები; მევენახეობა საქართველოში; მეღვინეობა საქართველოში
653 ## - INDEX TERM--UNCONTROLLED
Uncontrolled term შენ ხარ ვენახი
942 ## - ADDED ENTRY ELEMENTS (KOHA)
Koha item type წიგნი
ეგზემპლარები
Withdrawn status Lost status Damaged status Not for loan Date acquired Barcode Date last seen Price effective from Koha item type
        2018-12-17 41415 2018-12-17 2018-12-17 წიგნი
        2018-12-17 41414 2018-12-17 2018-12-17 წიგნი